000 00639nam a2200241Ia 4500
005 20260121112806.0
008 8826 260114s9999 xx 000 0 eng d
020 _a9789812706539
037 _aEBOOK
040 _aCRL
_beng
_cCRL
041 _aeng
_2eng
084 _qCRL
100 _aEwart Kathryn Vanya Et Al
_9963275
245 0 _aFish Antifreeze Proteins
260 _bWorld Scientific
260 _bWSPC
260 _c2002
650 _aLife Sciences / Biology
_9963276
856 _uhttps://www.worldscientific.com/worldscibooks/10.1142/4917#t=toc
942 _cEBOOK
999 _c1546126
_d1546126